000
00507nam a2200181Ia 4500
008
090124s9999 xx 000 0 und d
082
_b
113130
100
_a
अुरी लिऑन
245
_a
शूरा मी वंदिले
250
_a
1
260
_c
1969
300
_a
406
600
_a
अुरी लिऑन
630
_a
शूरा मी वंदिले
700
_a
अुरी लिऑन
730
_a
शूरा मी वंदिले
942
_c
BOOK
999
_c
159221
_d
159221